Zamýšľame sa nad ekonomikou

Bibliographic Details
Main Author: Hell, Pavel, 1930-2009 (Author)
Format: Article
Language:Slovak
ISSN:1336-5568
Subjects:

MARC

LEADER 00000nab a2200000 ar4500
001 vtls009151996
003 SK-MaSNL
005 20260426070952.0
008 071022c2005 xo |||||||||||000 b|slo
015 |a SNBRB2007/10  |2 snkbucl 
038 |a SNKBUCL 
040 |a SNKBUCL  |b slo  |c SNKBUCL  |e AACR2 
041 0 |a slo 
044 |a xo  |c SK 
080 |a 639.1:33  |x (437.6)  |2 1997 
100 1 |a Hell, Pavel,  |d 1930-2009  |4 aut  |9 125123 
245 1 0 |a Zamýšľame sa nad ekonomikou  |c Pavel Hell 
648 7 |a 2000-2004  |2 snkbucl  |9 311054 
650 0 7 |a poľovníctvo  |2 snkbucl  |9 2774 
650 0 7 |a ekonomika  |2 snkbucl  |9 789 
650 0 7 |a ekonomická efektívnosť  |2 snkbucl  |9 74879 
650 0 7 |a zisk  |2 snkbucl  |9 13920 
651 7 |a Slovensko  |2 snkbucl  |9 14231 
773 0 |t Naše poľovníctvo  |g Roč. II, č. 7 (2005), s. 15  |x 1336-5568 
852 |a SNK  |b KIS3GCP 
958 |a SK 
999 |c 2673115  |d 2675045